|
|
|
|
| LEADER |
01213nam a2200325 a 4500 |
| 001 |
38599 |
| 003 |
BD-DhAAL |
| 005 |
20220724134658.0 |
| 008 |
220724t1993 pk a 001 0aeng d |
| 999 |
|
|
|c 44622
|d 44622
|
| 010 |
|
|
|a 93930520
|
| 020 |
|
|
|a 0195774477
|
| 025 |
|
|
|a P-E-019446 13/10-7
|
| 040 |
|
|
|a DLC
|c DLC
|d DLC
|d BD-DhAAL
|
| 043 |
|
|
|a a-pk---
|
| 050 |
0 |
0 |
|a DS385.K495
|b A3 1993
|
| 082 |
|
|
|a 355.00924
|
| 100 |
1 |
|
|a Khan, Gul Hassan,
|d 1921-
|9 50158
|
| 245 |
1 |
0 |
|a Memoirs of Lt. Gen. Gul Hassan Khan :
|b the last Commander-in-Chief of the Pakistan army.
|
| 250 |
|
|
|a First edition
|
| 260 |
|
|
|a Karachi :
|b Oxford University Press,
|c c1993.
|
| 300 |
|
|
|a xii, 438 pages :
|b illustrations ;
|c 23 cm.
|
| 500 |
|
|
|a Includes index.
|
| 541 |
|
|
|a Donated By Akbar Ali Khan
|e 38599
|
| 600 |
1 |
0 |
|a Khan, Gul Hassan,
|d 1921-
|9 50158
|
| 650 |
|
0 |
|a Generals
|z Pakistan
|x Biography.
|9 50159
|
| 740 |
0 |
|
|a Memoirs of Lieutenant General Gul Hassan Khan.
|
| 852 |
|
|
|a Ayesha Abed Library
|c Akbar Ali Khan Collection
|
| 942 |
|
|
|2 ddc
|c BK
|
| 952 |
|
|
|0 0
|1 0
|2 ddc
|4 0
|6 355_009240000000000_KHA
|7 1
|9 71320
|a BRACUL
|b BRACUL
|c AAKC
|d 2022-07-24
|e Donated by Akbar Ali Khan
|l 0
|o 355.00924 KHA
|p 3010038599
|r 2022-07-24
|t 1
|w 2022-07-24
|y BK
|